| 000 | 00484nam a2200181Ia 4500 | ||
|---|---|---|---|
| 003 | GCL | ||
| 008 | 140319s9999 xx 000 0 eng d | ||
| 040 |
_aGCL / _cGCL |
||
| 082 | 0 | 4 |
_a969.1 _bH P |
| 100 | 1 | _aHALL, F. | |
| 245 | 1 | 0 |
_aPLUMBING: COLD WATER SUPPLIES, DRAINAGE AND SANITATION / _cHALL, F. |
| 260 |
_a[S.N] : _bLONGMAN SCIENTIFIC AND TECHNICAL ، _c1994 |
||
| 300 | _a169 P | ||
| 650 | 0 | 4 | _aWATER SUPPLY |
| 650 | 0 | 4 | _aPLUMBING |
| 650 | 0 | 4 | _aSANITATION |
| 942 |
_2ddc _cBK |
||
| 999 |
_c21189 _d21189 |
||